000 00731nam a2200205Ii 4500
003 JO-AjNU
008 230605s9999||||xx |||||||||||||| ||und||
040 _aJO-AjNU
_bara
_erda
_cJO-AjNU
041 _aara
050 1 4 _aPJ6327.Q32 1977
100 3 _aتاليف قبش، أحمد,
_eauthor
_939399
245 0 0 _a الإملاء العربي: نشأته - وقواعده - ومفرداته - وتمريناته
250 _aط2، مصححة ومنقحة ومزيدة
264 3 1 _aدمشق: المؤلف، 1977
300 _a128ص
336 _atext
_btxt
_2rdacontent
337 _aunmediated
_bn
_2rdamedia
338 _avolume
_bnc
_2rdacarrier
650 4 _aالاملاء العربي - اللغة العربية
_939400
999 _aA16636
_c20204
_d20204